| 000 | 00538nam a2200217Ia 4500 | ||
|---|---|---|---|
| 003 | OSt | ||
| 005 | 20220928142752.0 | ||
| 006 | a|||||r|||| 00| 0 | ||
| 007 | ta | ||
| 008 | 220927b |||||||| |||| 00| 0 eng d | ||
| 024 | _a20085 | ||
| 037 | _cTextual | ||
| 040 |
_aSDCL _cSDCL _beng |
||
| 041 |
_2eng _aeng |
||
| 082 | _aD661,8:845, L4 | ||
| 100 |
_aRodstein L _9503869 |
||
| 245 | 0 | _aElectrical control equipment. | |
| 260 | _c1974 | ||
| 942 |
_hD661,8:845, L4 _cTEXL _2CC |
||
| 999 |
_c822223 _d822223 |
||